Payment by results

Na minha lista:
Detalhes bibliográficos
Autor Corporativo: International labour office
Formato: Livro
Idioma:Undetermined
Publicado em: Geneve International labour office 1969
Assuntos:
Tags: Adicionar Tag
Sem tags, seja o primeiro a adicionar uma tag!
Thư viện lưu trữ: Trung tâm Học liệu Trường Đại học Cần Thơ
LEADER 00540nam a2200181Ia 4500
001 CTU_80354
008 210402s9999 xx 000 0 und d
082 |a 331.21 
082 |b I.61 
110 |a International labour office 
245 0 |a Payment by results 
245 0 |c International labour office 
260 |a Geneve 
260 |b International labour office 
260 |c 1969 
650 |a Compensation management,Wage and salary administration 
904 |i Trọng Hải 
980 |a Trung tâm Học liệu Trường Đại học Cần Thơ